MARC details
| 000 -LEADER |
| fixed length control field |
02515nam a2200445 4500 |
| 020 ## - INTERNATIONAL STANDARD BOOK NUMBER |
| Cancelled/invalid ISBN |
9780711241503 |
| Qualifying information |
hardback |
| 100 ## - MAIN ENTRY--PERSONAL NAME |
| Personal name |
Flint, Katy, |
| Relator term |
author. |
| 9 (RLIN) |
87068 |
| 245 10 - TITLE STATEMENT |
| Title |
Swan lake / |
| Statement of responsibility, etc |
written by Katy Flint, illustrated by Jessica Courtney-Tickle. |
| 260 ## - PUBLICATION, DISTRIBUTION, ETC. (IMPRINT) |
| Place of publication, distribution, etc |
London : |
| Name of publisher, distributor, etc |
Frances Lincoln Children's Books ; |
| Date of publication, distribution, etc |
October 1, 2019. |
| 300 ## - PHYSICAL DESCRIPTION |
| Extent |
1 online resource (24 pages). |
| Dimensions |
10.8 x 1.3 x 12.2 inches. |
| 490 ## - SERIES STATEMENT |
| Series statement |
The story orchestra |
| 520 ## - SUMMARY, ETC. |
| Summary, etc |
Discover the spellbinding magic of Swan Lake in this musical retelling of the ballet – push the button on each beautiful scene to hear the vivid sound of an orchestra playing from Tchaikovsky’s score.<br/><br/>This tale of a prince, a beautiful swan princess and an evil sorcerer begins in a woodland clearing far, far away. It is Prince Siegfried’s 21st birthday. He is playing games with his friends when his mother, the Queen, arrives to tell him he needs to stop having fun and start looking after the kingdom. Prince Siegfried dreams of running away.<br/><br/>He follows an enchanting flock of swans to a clearing by a lake, where four of the little cygnets begin to dance. The most beautiful swan transforms into the Princess Odette, who tells him that she has been cursed to turn into a swan by day and return to her natural form at night by the evil sorcerer Von Rothbart. As the prince and Odette dance, they begin to fall in love. |
| 630 ## - SUBJECT ADDED ENTRY--UNIFORM TITLE |
| Uniform title |
Lebedinoe ozero (Tchaikovsky, Peter Ilich) |
| Source of heading or term |
fast |
| 9 (RLIN) |
87069 |
| 650 ## - SUBJECT ADDED ENTRY--TOPICAL TERM |
| Topical term or geographic name as entry element |
Ballets |
| Geographic subdivision |
Russia |
| Form subdivision |
Adaptations |
| -- |
Juvenile fiction. |
| 9 (RLIN) |
87070 |
| 650 ## - SUBJECT ADDED ENTRY--TOPICAL TERM |
| Topical term or geographic name as entry element |
Princes |
| Form subdivision |
Juvenile fiction. |
| 650 #0 - SUBJECT ADDED ENTRY--TOPICAL TERM |
| Topical term or geographic name as entry element |
Princesses |
| Form subdivision |
Juvenile fiction. |
| 650 #0 - SUBJECT ADDED ENTRY--TOPICAL TERM |
| Topical term or geographic name as entry element |
Wizards |
| Form subdivision |
Juvenile fiction. |
| 650 #0 - SUBJECT ADDED ENTRY--TOPICAL TERM |
| Topical term or geographic name as entry element |
Swans |
| Form subdivision |
Juvenile fiction. |
| 9 (RLIN) |
82743 |
| 650 #0 - SUBJECT ADDED ENTRY--TOPICAL TERM |
| Topical term or geographic name as entry element |
Dreams |
| Form subdivision |
Juvenile fiction. |
| 650 #7 - SUBJECT ADDED ENTRY--TOPICAL TERM |
| Topical term or geographic name as entry element |
Ballets. |
| 9 (RLIN) |
87071 |
| 650 #7 - SUBJECT ADDED ENTRY--TOPICAL TERM |
| Topical term or geographic name as entry element |
Dreams. |
| 9 (RLIN) |
66261 |
| 650 #7 - SUBJECT ADDED ENTRY--TOPICAL TERM |
| Topical term or geographic name as entry element |
Princes. |
| 9 (RLIN) |
80911 |
| 650 #7 - SUBJECT ADDED ENTRY--TOPICAL TERM |
| Topical term or geographic name as entry element |
Princesses. |
| 9 (RLIN) |
57722 |
| 650 #7 - SUBJECT ADDED ENTRY--TOPICAL TERM |
| Topical term or geographic name as entry element |
Swans. |
| 9 (RLIN) |
87072 |
| 650 #7 - SUBJECT ADDED ENTRY--TOPICAL TERM |
| Topical term or geographic name as entry element |
Wizards. |
| 9 (RLIN) |
68778 |
| 650 #1 - SUBJECT ADDED ENTRY--TOPICAL TERM |
| Topical term or geographic name as entry element |
Ballets |
| Form subdivision |
Fiction. |
| 9 (RLIN) |
87073 |
| 650 #1 - SUBJECT ADDED ENTRY--TOPICAL TERM |
| Topical term or geographic name as entry element |
Swans |
| Form subdivision |
Fiction. |
| 9 (RLIN) |
61095 |
| 650 #1 - SUBJECT ADDED ENTRY--TOPICAL TERM |
| Topical term or geographic name as entry element |
Princes |
| Form subdivision |
Fiction. |
| 650 #1 - SUBJECT ADDED ENTRY--TOPICAL TERM |
| Topical term or geographic name as entry element |
Princesses |
| Form subdivision |
Fiction. |
| 650 #1 - SUBJECT ADDED ENTRY--TOPICAL TERM |
| Topical term or geographic name as entry element |
Dreams |
| Form subdivision |
Fiction. |
| 9 (RLIN) |
55840 |
| 651 #7 - SUBJECT ADDED ENTRY--GEOGRAPHIC NAME |
| Geographic name |
Russia. |
| Source of heading or term |
fast |
| 9 (RLIN) |
87074 |
| 655 #7 - INDEX TERM--GENRE/FORM |
| Genre/form data or focus term |
Fiction. |
| Source of term |
fast |
| 9 (RLIN) |
52739 |
| 655 #7 - INDEX TERM--GENRE/FORM |
| Genre/form data or focus term |
Juvenile works. |
| Source of term |
fast |
| 9 (RLIN) |
52753 |
| 655 #7 - INDEX TERM--GENRE/FORM |
| Genre/form data or focus term |
Picture books. |
| Source of term |
fast |
| 9 (RLIN) |
53881 |
| 655 #7 - INDEX TERM--GENRE/FORM |
| Genre/form data or focus term |
Sound books. |
| Source of term |
fast |
| 9 (RLIN) |
87075 |
| 700 1# - ADDED ENTRY--PERSONAL NAME |
| Personal name |
Courtney-Tickle, Jessica, |
| Relator term |
illustrator. |
| 9 (RLIN) |
87076 |
| 700 1# - ADDED ENTRY--PERSONAL NAME |
| Personal name |
Tchaikovsky, Peter Ilich, |
| Dates associated with a name |
1840-1893. |
| Title of a work |
Lebedinoe ozero. |
| 9 (RLIN) |
87077 |
| 942 ## - ADDED ENTRY ELEMENTS (KOHA) |
| Source of classification or shelving scheme |
|
| Koha item type |
Book |